[Event "Toronto int."]
[Site "Toronto CAN"]
[Date "2012.07.15"]
[Round "1"]
[White "Martchenko, Alexander"]
[Black "Peng, Jackie"]
[Result "0-1"]
[WhiteElo "2412"]
[BlackElo "2172"]
[PlyCount "86"]
[GameId "2160767909442429"]
[EventDate "2012.07.15"]
[EventType "swiss"]
[EventRounds "7"]
[EventCountry "CAN"]
[SourceTitle "EXT 2022"]
[Source "ChessBase"]
[SourceDate "2021.10.06"]
[SourceVersion "1"]
[SourceVersionDate "2021.10.06"]
[SourceQuality "1"]

1. e4 c5 2. Nf3 d6 3. Bb5+ Bd7 4. Bxd7+ Qxd7 5. c4 Nf6 6. Nc3 Nc6 7. O-O g6 8. Re1 Bg7 9. b3 O-O 10. Bb2 Ng4 11. Rb1 Nge5 12. Nd5 e6 13. Ne3 Nb4 14. d4 Nxf3+ 15. gxf3 Qe7 16. f4 Rad8 17. d5 Bxb2 18. Rxb2 Qf6 19. Rd2 Qxf4 20. Ng2 Qf6 21. a3 Na6 22. f4 exd5 23. cxd5 Rfe8 24. Rf2 Qg7 25. Qd3 Nc7 26. Ne3 f6 27. Rg2 Kh8 28. f5 g5 29. h4 Qe7 30. Qc3 Nb5 31. Qd3 Nd4 32. Nc2 Nxc2 33. Qxc2 gxh4 34. Qf2 h3 35. Rh2 Rg8+ 36. Kf1 Rg4 37. Rxh3 Rdg8 38. Rh4 Qe5 39. Re3 Qa1+ 40. Re1 Rg1+ 41. Ke2 Rxe1+ 42. Qxe1 Rg2+ 43. Kf1 Rg1+ 0-1

[Event "Toronto int."]
[Site "Toronto CAN"]
[Date "2012.07.15"]
[Round "1"]
[White "Noritsyn, Nikolay"]
[Black "Yee, Lorne"]
[Result "1-0"]
[WhiteElo "2460"]
[BlackElo "2282"]
[PlyCount "49"]
[GameId "2160767909442430"]
[EventDate "2012.07.15"]
[EventType "swiss"]
[EventRounds "7"]
[EventCountry "CAN"]
[SourceTitle "EXT 2022"]
[Source "ChessBase"]
[SourceDate "2021.10.06"]
[SourceVersion "1"]
[SourceVersionDate "2021.10.06"]
[SourceQuality "1"]

1. e4 d5 2. exd5 Qxd5 3. Nc3 Qd6 4. d4 c6 5. Nge2 Nf6 6. Qd3 g6 7. Bf4 Qb4 8. O-O-O Bf5 9. Qe3 Nbd7 10. d5 Nb6 11. a3 Qa5 12. dxc6 bxc6 13. Nd4 Bd7 14. Nb3 Qh5 15. Be2 Nbd5 16. Nxd5 Nxd5 17. Rxd5 Qxd5 18. Rd1 Qf5 19. g4 Qe6 20. Qd4 Rd8 21. Qxh8 Qxe2 22. Nd4 Qc4 23. Bh6 Bxg4 24. Qxf8+ Kd7 25. Nf3+ 1-0

[Event "Toronto int."]
[Site "Toronto CAN"]
[Date "2012.07.15"]
[Round "1"]
[White "Samsonkin, Artiom"]
[Black "Ivanov, Mike"]
[Result "1-0"]
[WhiteElo "2390"]
[BlackElo "2257"]
[PlyCount "100"]
[GameId "2160767909442432"]
[EventDate "2012.07.15"]
[EventType "swiss"]
[EventRounds "7"]
[EventCountry "CAN"]
[SourceTitle "EXT 2022"]
[Source "ChessBase"]
[SourceDate "2021.10.06"]
[SourceVersion "1"]
[SourceVersionDate "2021.10.06"]
[SourceQuality "1"]

1. e4 e6 2. d4 d5 3. Nd2 Nf6 4. e5 Nfd7 5. f4 c5 6. c3 Nc6 7. Ndf3 Qb6 8. Ne2 Be7 9. a3 a5 10. f5 Nf8 11. Nf4 g5 12. f6 gxf4 13. fxe7 Ng6 14. h4 h5 15. Bd3 Ncxe7 16. dxc5 Qxc5 17. Bxf4 Nxf4 18. Qa4+ Bd7 19. Qxf4 O-O-O 20. O-O-O Ng6 21. Bxg6 fxg6 22. Qd4 Qxd4 23. Rxd4 Rdf8 24. Rh3 Rf5 25. Rg3 Rg8 26. Kd2 Kd8 27. Ke3 Ke7 28. Rf4 Rxf4 29. Kxf4 Kf7 30. Nd4 Ba4 31. Rd3 Ke7 32. Kg5 Rf8 33. Rf3 Rxf3 34. gxf3 Be8 35. Ne2 Kf7 36. Nf4 Ba4 37. Nxg6 Bd1 38. Kxh5 Bxf3+ 39. Kg5 b5 40. b4 axb4 41. axb4 Be4 42. Nf4 Bc2 43. Ne2 d4 44. Nxd4 Bd3 45. h5 Bc4 46. h6 Bd3 47. h7 Bxh7 48. Nxb5 Ke7 49. Nd6 Bd3 50. b5 Kd7 1-0

[Event "Toronto int."]
[Site "Toronto CAN"]
[Date "2012.07.15"]
[Round "1"]
[White "So, Wesley"]
[Black "Song, Michael"]
[Result "1-0"]
[WhiteElo "2668"]
[BlackElo "2319"]
[PlyCount "57"]
[GameId "2160767909442433"]
[EventDate "2012.07.15"]
[EventType "swiss"]
[EventRounds "7"]
[EventCountry "CAN"]
[SourceTitle "EXT 2022"]
[Source "ChessBase"]
[SourceDate "2021.10.06"]
[SourceVersion "1"]
[SourceVersionDate "2021.10.06"]
[SourceQuality "1"]

1. e4 c5 2. Nf3 Nc6 3. d4 cxd4 4. Nxd4 Nf6 5. Nc3 e5 6. Ndb5 d6 7. Bg5 a6 8. Na3 b5 9. Bxf6 gxf6 10. Nd5 f5 11. Bd3 Be6 12. c3 Bg7 13. Nxb5 axb5 14. Bxb5 Bd7 15. exf5 Nb8 16. a4 O-O 17. O-O Bxb5 18. axb5 Rxa1 19. Qxa1 Nd7 20. Qa7 Nf6 21. Ne7+ Kh8 22. b6 Nd7 23. Nd5 Nb8 24. Ra1 Qd7 25. f6 Bh6 26. Qxd7 Nxd7 27. b7 Nb8 28. Ra8 Bg5 29. Ne7 1-0

[Event "Toronto int."]
[Site "Toronto CAN"]
[Date "2012.07.15"]
[Round "1"]
[White "Southam, David"]
[Black "Panjwani, Raja"]
[Result "0-1"]
[WhiteElo "2220"]
[BlackElo "2392"]
[PlyCount "116"]
[GameId "2160767909442434"]
[EventDate "2012.07.15"]
[EventType "swiss"]
[EventRounds "7"]
[EventCountry "CAN"]
[SourceTitle "EXT 2022"]
[Source "ChessBase"]
[SourceDate "2021.10.06"]
[SourceVersion "1"]
[SourceVersionDate "2021.10.06"]
[SourceQuality "1"]

1. d4 Nf6 2. c4 c5 3. d5 g6 4. Nc3 Bg7 5. e4 d6 6. Bd3 O-O 7. Nf3 Bg4 8. h3 Bxf3 9. Qxf3 Na6 10. O-O Nc7 11. Qe2 e6 12. Bg5 Qd7 13. Qd2 a6 14. a4 Rfe8 15. Rfe1 Rab8 16. Rad1 e5 17. Rf1 Rf8 18. f4 exf4 19. Rxf4 Nh5 20. Rf3 Be5 21. g4 Ng7 22. Rdf1 Qe8 23. Kh1 Na8 24. Bc2 Nb6 25. Qd3 Nd7 26. R3f2 Bd4 27. Rg2 f6 28. Bc1 Ne5 29. Qe2 Qe7 30. Nb1 g5 31. Nd2 Ng6 32. Nf3 Be5 33. Bd3 Bf4 34. Bd2 Bxd2 35. Qxd2 Ne5 36. Rgf2 h6 37. Ng1 Nxc4 38. Bxc4 Qxe4+ 39. Kh2 Qxc4 40. Rxf6 Qxf1 41. Rxf1 Rxf1 42. Qe2 Rf7 43. Qe1 Re8 44. Qg3 Re5 45. h4 Ne8 46. Qd3 Nf6 47. Qg6+ Kf8 48. Kg3 Ne4+ 49. Kh3 Rf6 50. Qh7 Nf2+ 51. Kg2 Nxg4 52. Qh8+ Ke7 53. Nf3 Ne3+ 54. Kg3 Nf1+ 55. Kg2 Ne3+ 56. Kg3 gxh4+ 57. Nxh4 Rg5+ 58. Kh3 Nf1 0-1

[Event "Toronto int."]
[Site "Toronto CAN"]
[Date "2012.07.15"]
[Round "2"]
[White "Calugar, Arthur"]
[Black "Noritsyn, Nikolay"]
[Result "0-1"]
[WhiteElo "2404"]
[BlackElo "2460"]
[PlyCount "104"]
[GameId "2160767909442435"]
[EventDate "2012.07.15"]
[EventType "swiss"]
[EventRounds "7"]
[EventCountry "CAN"]
[SourceTitle "EXT 2022"]
[Source "ChessBase"]
[SourceDate "2021.10.06"]
[SourceVersion "1"]
[SourceVersionDate "2021.10.06"]
[SourceQuality "1"]

1. e4 c5 2. Nf3 e6 3. d4 cxd4 4. Nxd4 a6 5. Bd3 Ne7 6. O-O Nbc6 7. Nb3 g6 8. f4 d5 9. Qe2 dxe4 10. Bxe4 Bg7 11. c3 O-O 12. Be3 b6 13. N1d2 Rb8 14. Qf2 Qc7 15. Nc4 Nd5 16. Bxd5 exd5 17. Nxb6 d4 18. cxd4 Rxb6 19. d5 Rxb3 20. axb3 Nb4 21. Rfd1 Bg4 22. Rd2 Qb7 23. Bd4 Nxd5 24. Bxg7 Kxg7 25. Qd4+ Nf6 26. h3 Be6 27. f5 gxf5 28. Rd3 Qc7 29. Rxa6 Kg6 30. Rc3 Qb8 31. Qh4 Ne4 32. g4 Qf4 33. gxf5+ Qxf5 34. Re3 Ng5 35. Qg3 Rd8 36. Ra1 Qxh3 37. Qxh3 Nxh3+ 38. Kg2 Rd2+ 39. Kg3 Ng5 40. Rg1 Rxb2 41. Kf4 h6 42. Rgg3 Kf6 43. Rd3 Bf5 44. Rc3 Re2 45. Rge3 Rf2+ 46. Kg3 Rb2 47. Rc6+ Be6 48. Rcc3 h5 49. Rcd3 Kf5 50. Re1 h4+ 51. Kxh4 Rh2+ 52. Kg3 Rh3+ 0-1

[Event "Toronto int."]
[Site "Toronto CAN"]
[Date "2012.07.15"]
[Round "2"]
[White "Gerzhoy, Leonid"]
[Black "Yee, Lorne"]
[Result "1-0"]
[WhiteElo "2459"]
[BlackElo "2282"]
[PlyCount "77"]
[GameId "2160767909442436"]
[EventDate "2012.07.15"]
[EventType "swiss"]
[EventRounds "7"]
[EventCountry "CAN"]
[SourceTitle "EXT 2022"]
[Source "ChessBase"]
[SourceDate "2021.10.06"]
[SourceVersion "1"]
[SourceVersionDate "2021.10.06"]
[SourceQuality "1"]

1. Nf3 d5 2. d4 Nf6 3. c4 c6 4. Nc3 a6 5. e3 Nbd7 6. Bd3 e6 7. b3 b5 8. O-O Be7 9. Qc2 Bb7 10. e4 b4 11. e5 bxc3 12. exf6 Bxf6 13. Ba3 c5 14. cxd5 Bxd5 15. Be4 O-O 16. Bxd5 exd5 17. Qxc3 Rc8 18. Rac1 Re8 19. Qd3 Qa5 20. Bxc5 Nxc5 21. dxc5 Rxc5 22. Rxc5 Qxc5 23. Qxa6 Qc2 24. Re1 Rd8 25. Qe2 Qc6 26. Qd3 d4 27. h3 g6 28. Rd1 Qd6 29. Rc1 Qa3 30. Rc2 Kg7 31. g3 Rd7 32. Nd2 h5 33. Ne4 Be7 34. Qb5 d3 35. Rd2 Rd8 36. Rxd3 Rxd3 37. Qxd3 Qxa2 38. Qd5 h4 39. Qe5+ 1-0

[Event "Toronto int."]
[Site "Toronto CAN"]
[Date "2012.07.15"]
[Round "2"]
[White "Ivanov, Mike"]
[Black "Martchenko, Alexander"]
[Result "0-1"]
[WhiteElo "2257"]
[BlackElo "2412"]
[PlyCount "90"]
[GameId "2160767909442437"]
[EventDate "2012.07.15"]
[EventType "swiss"]
[EventRounds "7"]
[EventCountry "CAN"]
[SourceTitle "EXT 2022"]
[Source "ChessBase"]
[SourceDate "2021.10.06"]
[SourceVersion "1"]
[SourceVersionDate "2021.10.06"]
[SourceQuality "1"]

1. Nc3 d5 2. e4 d4 3. Nce2 e5 4. Ng3 Be6 5. Nf3 Nd7 6. b3 h5 7. h4 Bg4 8. Be2 Be7 9. d3 Bxf3 10. Bxf3 g6 11. Qe2 Bxh4 12. Bd2 Bg5 13. O-O-O Qe7 14. Nf1 a5 15. Bxg5 Qxg5+ 16. Nd2 a4 17. b4 a3 18. Kb1 Qe7 19. Qe1 Nb6 20. Ka1 Qxb4 21. Nc4 Qxe1 22. Rhxe1 Nxc4 23. dxc4 Ra4 24. Be2 Nf6 25. Rb1 Ra7 26. Rb5 Nd7 27. Reb1 b6 28. c5 Ke7 29. c6 Nc5 30. Bc4 Kd6 31. f4 exf4 32. Bxf7 g5 33. Rh1 Kxc6 34. Rb4 Ra4 35. Rxa4 Nxa4 36. Bxh5 Nc5 37. e5 Ne4 38. g4 fxg3 39. Bf3 Rxh1+ 40. Bxh1 Kd5 41. e6 Kxe6 42. Bxe4 Ke5 43. Bd3 g2 44. c3 g1=Q+ 45. Bb1 Qxb1+ 0-1

[Event "Toronto int."]
[Site "Toronto CAN"]
[Date "2012.07.15"]
[Round "2"]
[White "Panjwani, Raja"]
[Black "So, Wesley"]
[Result "0-1"]
[WhiteElo "2392"]
[BlackElo "2668"]
[PlyCount "55"]
[GameId "2160767909442438"]
[EventDate "2012.07.15"]
[EventType "swiss"]
[EventRounds "7"]
[EventCountry "CAN"]
[SourceTitle "EXT 2022"]
[Source "ChessBase"]
[SourceDate "2021.10.06"]
[SourceVersion "1"]
[SourceVersionDate "2021.10.06"]
[SourceQuality "1"]

1. c4 Nf6 2. Nc3 e6 3. e4 d5 4. e5 d4 5. exf6 dxc3 6. bxc3 Qxf6 7. Nf3 e5 8. Qe2 Nc6 9. d4 Bg4 10. d5 Bxf3 11. gxf3 Nb8 12. f4 Nd7 13. Bh3 Bd6 14. Bxd7+ Kxd7 15. c5 exf4 16. Qb5+ c6 17. Qxb7+ Bc7 18. Bxf4 Rae8+ 19. Be3 Qxc3+ 20. Ke2 Qc4+ 21. Ke1 cxd5 22. Rd1 Re5 23. Qxa7 Rhe8 24. Qa3 Ba5+ 25. Qxa5 Rxe3+ 26. fxe3 Rxe3+ 27. Kf2 Qe2+ 28. Kg1 0-1

[Event "Toronto int."]
[Site "Toronto CAN"]
[Date "2012.07.15"]
[Round "2"]
[White "Peev, Pavel"]
[Black "Cohen, David"]
[Result "1-0"]
[WhiteElo "2118"]
[BlackElo "1904"]
[PlyCount "111"]
[GameId "2160767740551374"]
[EventDate "2012.07.15"]
[EventType "swiss"]
[EventRounds "7"]
[EventCountry "CAN"]
[TimeControl "5400+30"]

1. e4 e6 2. d4 d5 3. Nd2 c5 4. Ngf3 cxd4 5. Nxd4 Nc6 6. Bb5 Bd7 7. Nxc6 bxc6 8. Bd3 Bd6 9. Nf3 Ne7 10. Qe2 Ng6 11. e5 Bc7 12. O-O Qb8 13. Re1 O-O 14. Ng5 Bxe5 15. Qh5 Bxh2+ 16. Qxh2 Qxh2+ 17. Kxh2 h6 18. Nf3 f5 19. Ne5 Nxe5 20. Rxe5 g5 21. b3 a5 22. Ba3 Rfc8 23. Bc5 Kf7 24. Rae1 Re8 25. f3 Kf6 26. Kg3 Kf7 27. Kf2 Kf6 28. Bd4 Kf7 29. Ke3 Rec8 30. Bc5 Re8 31. Kd4 Kf6 32. a4 Kf7 33. R5e2 Kf6 34. Bd6 Kf7 35. Ke5 Rec8 36. Bc5 Rcb8 37. g3 Rb7 38. Rh1 Kg7 39. Reh2 Rh8 40. Bd4 Kg6 41. g4 Rh7 42. Bc5 Rh8 43. Kd4 Rh7 44. Ba6 Rb8 45. Bd6 Rb6 46. Bd3 Rb7 47. Rh5 Rh8 48. f4 gxf4 49. Bxf4 Rh7 50. Rxh6+ Rxh6 51. Rxh6+ Kg7 52. g5 Rb4+ 53. Ke5 Rb7 54. Kd6 Kg8 55. Be5 Ra7 56. g6 1-0

[Event "Toronto int."]
[Site "Toronto CAN"]
[Date "2012.07.15"]
[Round "2"]
[White "Peng, Jackie"]
[Black "Samsonkin, Artiom"]
[Result "0-1"]
[WhiteElo "2172"]
[BlackElo "2390"]
[PlyCount "46"]
[GameId "2160767909442439"]
[EventDate "2012.07.15"]
[EventType "swiss"]
[EventRounds "7"]
[EventCountry "CAN"]
[SourceTitle "EXT 2022"]
[Source "ChessBase"]
[SourceDate "2021.10.06"]
[SourceVersion "1"]
[SourceVersionDate "2021.10.06"]
[SourceQuality "1"]

1. e4 d5 2. exd5 Qxd5 3. Nc3 Qa5 4. d4 Nf6 5. Nf3 Nc6 6. Be2 Bg4 7. O-O O-O-O 8. Be3 e5 9. d5 Nxd5 10. Nxe5 Nxe3 11. Bxg4+ f5 12. fxe3 Rxd1 13. Bxf5+ Kb8 14. Nxc6+ bxc6 15. Raxd1 Bd6 16. Be4 Qe5 17. g3 h5 18. Rf5 Qe6 19. Rdf1 h4 20. g4 Bb4 21. Bg2 h3 22. Bf3 g6 23. Rf4 Qxe3+ 0-1

[Event "Toronto int."]
[Site "Toronto CAN"]
[Date "2012.07.15"]
[Round "2"]
[White "Plotkin, Victor"]
[Black "Preotu, Razvan"]
[Result "0-1"]
[WhiteElo "2411"]
[BlackElo "2291"]
[PlyCount "78"]
[GameId "2160767909442440"]
[EventDate "2012.07.15"]
[EventType "swiss"]
[EventRounds "7"]
[EventCountry "CAN"]
[SourceTitle "EXT 2022"]
[Source "ChessBase"]
[SourceDate "2021.10.06"]
[SourceVersion "1"]
[SourceVersionDate "2021.10.06"]
[SourceQuality "1"]

1. e4 c5 2. c3 d5 3. exd5 Qxd5 4. d4 Nc6 5. Nf3 Bg4 6. dxc5 Qxd1+ 7. Kxd1 e6 8. b4 a5 9. Bb5 Nge7 10. Bd2 Nd5 11. Kc1 Bxf3 12. gxf3 Be7 13. a3 Bf6 14. Ra2 axb4 15. cxb4 Ke7 16. Bxc6 bxc6 17. Rc2 Ra4 18. Rd1 Rha8 19. Be3 Nc7 20. Rd3 Nb5 21. Rcd2 R8a7 22. Kc2 Nxa3+ 23. Nxa3 Rxa3 24. Rxa3 Rxa3 25. Rd6 Ra6 26. Bd4 Bxd4 27. Rxd4 Ra2+ 28. Kb3 Rxf2 29. Rd6 Rxf3+ 30. Ka4 e5 31. Rxc6 e4 32. Rd6 e3 33. Rd1 e2 34. Re1 Re3 35. Kb5 f5 36. c6 f4 37. c7 Kd7 38. Kb6 f3 39. Rc1 Kc8 0-1

[Event "Toronto int."]
[Site "Toronto CAN"]
[Date "2012.07.15"]
[Round "2"]
[White "Sambuev, Bator"]
[Black "Song, Michael"]
[Result "1-0"]
[WhiteElo "2542"]
[BlackElo "2319"]
[PlyCount "79"]
[GameId "2160767909442441"]
[EventDate "2012.07.15"]
[EventType "swiss"]
[EventRounds "7"]
[EventCountry "CAN"]
[SourceTitle "EXT 2022"]
[Source "ChessBase"]
[SourceDate "2021.10.06"]
[SourceVersion "1"]
[SourceVersionDate "2021.10.06"]
[SourceQuality "1"]

1. d4 Nf6 2. Nf3 g6 3. Bg5 Bg7 4. Nbd2 O-O 5. e4 d5 6. exd5 Nxd5 7. c3 Nc6 8. Bb5 h6 9. Bh4 Bf5 10. O-O Nf4 11. Bg3 Nh5 12. Bxc6 Nxg3 13. hxg3 bxc6 14. Re1 Rb8 15. b4 a5 16. a3 Re8 17. Ne5 Qd5 18. Qf3 Qxf3 19. gxf3 axb4 20. axb4 c5 21. bxc5 Rb2 22. Ndc4 Rc2 23. Ra3 Be6 24. Ne3 Rb2 25. Nd3 Rd2 26. Nf4 Rb8 27. Nxe6 fxe6 28. Nc4 Rc2 29. Ne3 Rd2 30. f4 Kf7 31. Ra7 Rb3 32. Nc4 Rd3 33. Rxc7 Rbxc3 34. Nd6+ Kg8 35. Rxe6 Bf6 36. Ne4 Rc1+ 37. Kg2 Bxd4 38. Rexe7 Kf8 39. Rf7+ Kg8 40. Rfd7 1-0

[Event "Toronto int."]
[Site "Toronto CAN"]
[Date "2012.07.16"]
[Round "3"]
[White "Knox, Christopher"]
[Black "Cohen, David"]
[Result "1-0"]
[WhiteElo "2068"]
[BlackElo "1904"]
[PlyCount "53"]
[GameId "2160767740551375"]
[EventDate "2012.07.15"]
[EventType "swiss"]
[EventRounds "7"]
[EventCountry "CAN"]
[TimeControl "5400+30"]

1. d4 d5 2. c4 c6 3. Nf3 Nf6 4. e3 e6 5. b3 Nbd7 6. Bd3 Bd6 7. Bb2 O-O 8. O-O b6 9. Nbd2 Re8 10. Ne5 Bb7 11. f4 Qc7 12. Rf3 c5 13. Rg3 Bxe5 14. fxe5 Ne4 15. Bxe4 dxe4 16. Qg4 g6 17. Nxe4 Bxe4 18. Qxe4 Rab8 19. Rf1 Qb7 20. Qh4 Nf8 21. Rgf3 Qe7 22. Qh6 Rb7 23. Bc3 cxd4 24. exd4 f5 25. exf6 Qf7 26. Bb4 Rd7 27. Qg7+ 1-0

[Event "Toronto int."]
[Site "Toronto CAN"]
[Date "2012.07.16"]
[Round "3"]
[White "Peng, Jackie"]
[Black "Panjwani, Raja"]
[Result "0-1"]
[WhiteElo "2172"]
[BlackElo "2392"]
[PlyCount "56"]
[GameId "2160767909442442"]
[EventDate "2012.07.15"]
[EventType "swiss"]
[EventRounds "7"]
[EventCountry "CAN"]
[SourceTitle "EXT 2022"]
[Source "ChessBase"]
[SourceDate "2021.10.06"]
[SourceVersion "1"]
[SourceVersionDate "2021.10.06"]
[SourceQuality "1"]

1. e4 g6 2. d4 Bg7 3. Nf3 d6 4. Nc3 c6 5. Bc4 Nf6 6. O-O d5 7. exd5 cxd5 8. Bb3 O-O 9. Bg5 Be6 10. Re1 h6 11. Bf4 Bg4 12. h3 Bxf3 13. Qxf3 e6 14. Rad1 Nc6 15. Qe3 Kh7 16. Be5 Nxe5 17. dxe5 Nd7 18. f4 g5 19. Nxd5 exd5 20. Bxd5 Qe7 21. Bxb7 Rad8 22. fxg5 Qxg5 23. e6 fxe6 24. Qxe6 Nc5 25. Qc6 Rxd1 26. Rxd1 Be5 27. Qb5 Qe3+ 28. Kh1 Qg3 0-1

[Event "Toronto int."]
[Site "Toronto CAN"]
[Date "2012.07.16"]
[Round "3"]
[White "Rozentalis, Eduardas"]
[Black "Calugar, Arthur"]
[Result "0-1"]
[WhiteElo "2600"]
[BlackElo "2404"]
[PlyCount "72"]
[GameId "2160767909442443"]
[EventDate "2012.07.15"]
[EventType "swiss"]
[EventRounds "7"]
[EventCountry "CAN"]
[SourceTitle "EXT 2022"]
[Source "ChessBase"]
[SourceDate "2021.10.06"]
[SourceVersion "1"]
[SourceVersionDate "2021.10.06"]
[SourceQuality "1"]

1. e4 e6 2. d4 d5 3. Nd2 Nf6 4. e5 Nfd7 5. Bd3 c5 6. c3 Nc6 7. Ne2 cxd4 8. cxd4 f6 9. exf6 Qxf6 10. Nf3 h6 11. O-O Bd6 12. a3 O-O 13. Bc2 Rf7 14. Qd3 Nf8 15. Ng3 Bd7 16. Bd2 Be8 17. Bc3 Rc7 18. Qe2 b5 19. Ne5 a5 20. f4 Rac8 21. Nxc6 Rxc6 22. f5 b4 23. axb4 axb4 24. fxe6 Qxe6 25. Qf3 bxc3 26. Rae1 Qf6 27. Qxd5+ Bf7 28. Qe4 Qe6 29. Qf3 Qd5 30. Be4 Qxd4+ 31. Kh1 R6c7 32. Nf5 Qe5 33. Ng3 cxb2 34. Bf5 Qd5 35. Ne4 Rc1 36. Bxc8 b1=Q 0-1

[Event "Toronto int."]
[Site "Toronto CAN"]
[Date "2012.07.16"]
[Round "3"]
[White "Song, Michael"]
[Black "Campbell, Brett"]
[Result "1-0"]
[WhiteElo "2319"]
[BlackElo "2251"]
[PlyCount "79"]
[GameId "2160767909442444"]
[EventDate "2012.07.15"]
[EventType "swiss"]
[EventRounds "7"]
[EventCountry "CAN"]
[SourceTitle "EXT 2022"]
[Source "ChessBase"]
[SourceDate "2021.10.06"]
[SourceVersion "1"]
[SourceVersionDate "2021.10.06"]
[SourceQuality "1"]

1. d4 Nf6 2. c4 d6 3. Nf3 Nbd7 4. Nc3 e5 5. g3 c6 6. Bg2 Be7 7. O-O a5 8. e4 a4 9. h3 Qa5 10. Rb1 Qb4 11. Qd3 exd4 12. Qxd4 Ne5 13. Nxe5 dxe5 14. Qxe5 Qxc4 15. Be3 Qe6 16. Qd4 a3 17. b3 O-O 18. Rfd1 Nd7 19. f4 Bc5 20. Qd2 Bb4 21. Qc2 Kh8 22. Bf2 f6 23. Ne2 Qe7 24. Nd4 g6 25. Qc4 Nb6 26. Qe2 Ra6 27. Rbc1 Nd7 28. Nc2 Bc5 29. Rd2 Bxf2+ 30. Qxf2 Nc5 31. Qd4 Ne6 32. Qc3 c5 33. e5 fxe5 34. Qxe5+ Qf6 35. Qxf6+ Rxf6 36. b4 cxb4 37. Nxb4 Ra8 38. Rd6 Kg7 39. Nd5 Nxf4 40. Rc7+ 1-0

[Event "Toronto int."]
[Site "Toronto CAN"]
[Date "2012.07.16"]
[Round "3"]
[White "Yee, Lorne"]
[Black "Plotkin, Victor"]
[Result "0-1"]
[WhiteElo "2282"]
[BlackElo "2411"]
[PlyCount "90"]
[GameId "2160767909442445"]
[EventDate "2012.07.15"]
[EventType "swiss"]
[EventRounds "7"]
[EventCountry "CAN"]
[SourceTitle "EXT 2022"]
[Source "ChessBase"]
[SourceDate "2021.10.06"]
[SourceVersion "1"]
[SourceVersionDate "2021.10.06"]
[SourceQuality "1"]

1. d4 Nf6 2. Bf4 d5 3. e3 c5 4. Nc3 Qa5 5. Bb5+ Bd7 6. Bxd7+ Nbxd7 7. Nge2 e6 8. O-O Be7 9. dxc5 Qxc5 10. Qd4 O-O 11. Rfd1 Qxd4 12. exd4 Rfc8 13. Nc1 Bb4 14. N1e2 Nb6 15. Rdc1 Nc4 16. Nd1 Rc6 17. c3 Be7 18. a4 Na5 19. Rcb1 Nb3 20. Ra2 Ne4 21. Nc1 Nxc1 22. Rxc1 Rac8 23. f3 Nd6 24. Bxd6 Bxd6 25. Nf2 Kf8 26. Nd3 f6 27. f4 Kf7 28. Re1 Ra6 29. g3 h6 30. Kf2 g5 31. Kf3 Rg8 32. Raa1 gxf4 33. Nxf4 Bxf4 34. Kxf4 Rg5 35. Ke3 Rf5 36. b3 e5 37. Rf1 Rxf1 38. Rxf1 Ke6 39. dxe5 fxe5 40. g4 Rb6 41. Rb1 Ke7 42. a5 Rf6 43. Rg1 Rf4 44. g5 hxg5 45. Rxg5 Kf6 0-1

[Event "Toronto int."]
[Site "Toronto CAN"]
[Date "2012.07.17"]
[Round "4"]
[White "Birarov, Vladimir"]
[Black "Southam, David"]
[Result "1-0"]
[WhiteElo "2264"]
[BlackElo "2220"]
[PlyCount "47"]
[GameId "2160767909442446"]
[EventDate "2012.07.15"]
[EventType "swiss"]
[EventRounds "7"]
[EventCountry "CAN"]
[SourceTitle "EXT 2022"]
[Source "ChessBase"]
[SourceDate "2021.10.06"]
[SourceVersion "1"]
[SourceVersionDate "2021.10.06"]
[SourceQuality "1"]

1. Nf3 e6 2. g3 b6 3. Bg2 Bb7 4. c4 f5 5. O-O Nf6 6. Nc3 Be7 7. d3 O-O 8. e4 fxe4 9. Ng5 h6 10. Ngxe4 Qc8 11. Bf4 a6 12. d4 Bb4 13. Nxf6+ Rxf6 14. Ne4 Rf7 15. c5 bxc5 16. dxc5 Bxe4 17. Bxe4 c6 18. Qh5 Rxf4 19. gxf4 Qf8 20. Rac1 Bd2 21. Rc4 a5 22. Qg6 Bxf4 23. Qh7+ Kf7 24. Bg6+ 1-0

[Event "Toronto int."]
[Site "Toronto CAN"]
[Date "2012.07.17"]
[Round "4"]
[White "Campbell, Brett"]
[Black "Martchenko, Alexander"]
[Result "0-1"]
[WhiteElo "2251"]
[BlackElo "2412"]
[PlyCount "104"]
[GameId "2160767909442447"]
[EventDate "2012.07.15"]
[EventType "swiss"]
[EventRounds "7"]
[EventCountry "CAN"]
[SourceTitle "EXT 2022"]
[Source "ChessBase"]
[SourceDate "2021.10.06"]
[SourceVersion "1"]
[SourceVersionDate "2021.10.06"]
[SourceQuality "1"]

1. e4 e5 2. Nc3 d6 3. Nf3 Nc6 4. d4 exd4 5. Nxd4 Nge7 6. Bb5 a6 7. Nxc6 Nxc6 8. Be2 Be6 9. Nd5 Ne7 10. Be3 Nxd5 11. exd5 Bf5 12. c4 Be7 13. Bd3 Qd7 14. Bxf5 Qxf5 15. Qa4+ Qd7 16. Qxd7+ Kxd7 17. O-O Bf6 18. Rab1 Rhe8 19. b4 Re4 20. Rfc1 Bd4 21. Rb3 Rae8 22. Re1 R8e5 23. b5 Bxe3 24. fxe3 Rxc4 25. bxa6 bxa6 26. Rd3 Rc2 27. a3 Rg5 28. g3 Rf5 29. Rf1 Rxf1+ 30. Kxf1 Rxh2 31. Rd4 Ra2 32. Ra4 Rd2 33. Rxa6 Rxd5 34. Ke2 h5 35. Ra8 g5 36. e4 Re5 37. Kf3 f5 38. exf5 Rxf5+ 39. Ke4 Re5+ 40. Kf3 h4 41. gxh4 gxh4 42. Ra4 Rh5 43. Kg4 Rh8 44. Kh3 c5 45. Rc4 Kc6 46. a4 d5 47. Rc1 c4 48. a5 Kc5 49. a6 d4 50. a7 c3 51. Rd1 Ra8 52. Kxh4 d3 0-1

[Event "Toronto int."]
[Site "Toronto CAN"]
[Date "2012.07.17"]
[Round "4"]
[White "Cohen, David"]
[Black "Olden-Cooligan, Ben"]
[Result "0-1"]
[WhiteElo "1904"]
[BlackElo "1979"]
[PlyCount "126"]
[GameId "2160767740551376"]
[EventDate "2012.07.15"]
[EventType "swiss"]
[EventRounds "7"]
[EventCountry "CAN"]
[TimeControl "5400+30"]

1. d4 d5 2. c4 c6 3. Nc3 Nf6 4. Nf3 e6 5. e3 Nbd7 6. Bd3 dxc4 7. Bxc4 b5 8. Bd3 Bb7 9. O-O a6 10. Re1 c5 11. b3 Rc8 12. Bb2 cxd4 13. exd4 Bb4 14. Rc1 Nd5 15. Ne4 Rxc1 16. Bxc1 Bxe1 17. Nd6+ Ke7 18. Nxb7 Qb6 19. Qxe1 Qxb7 20. Be4 Rc8 21. h3 h6 22. a4 N7f6 23. Bd3 Nc3 24. axb5 axb5 25. Bd2 Nfd5 26. Qe5 Nf6 27. Nh4 Kf8 28. Bxh6 Ncd5 29. Bd2 Qc6 30. g4 Ra8 31. g5 Ra1+ 32. Kh2 Nd7 33. Qe2 Qd6+ 34. Kg2 Nf4+ 35. Bxf4 Qxf4 36. Nf3 b4 37. g6 Nf6 38. gxf7 Kxf7 39. Bc4 Nd5 40. Ne5+ Kg8 41. Nf3 Qd6 42. Bxd5 Qxd5 43. Kg3 Ra3 44. Kh2 Rxb3 45. Nd2 Rb2 46. Qd3 Qd6+ 47. Kg2 Qf4 48. Ne4 Ra2 49. d5 Ra3 50. Qe2 exd5 51. Ng3 Rxg3+ 52. fxg3 Qe4+ 53. Kf2 Qxe2+ 54. Kxe2 Kf7 55. h4 Kf6 56. g4 Ke5 57. Ke3 d4+ 58. Kd3 b3 59. g5 Kf4 60. Kd2 Kg4 61. Kc1 d3 62. g6 Kxh4 63. Kb2 d2 0-1